| 000 | 01940nam0a2200361 4500 | ||
|---|---|---|---|
| 001 | RU\NLR\BIBL_A\022638417 | ||
| 005 | 20260420054454.0 | ||
| 010 |
_a978-5-98811-701-8 _91000 |
||
| 021 |
_aRU _bКН-П-25-050467 _9КН-П-25-4884 |
||
| 035 | _a(NLR Aleph) 022638417 | ||
| 090 |
_a13685169 _c13685169 |
||
| 100 | _a20251007d2022 k y0rusy50 ca | ||
| 101 | 1 |
_arus _cfre |
|
| 102 | _aRU | ||
| 105 | _aa j 000yy | ||
| 181 | 0 |
_ai3 _baxxe |
|
| 182 | 0 | _an | |
| 200 | 1 |
_aРуководство по страбологии _eклинические и терапевтические аспекты _fН. Жанро, В. Дюкре _gперевод с французского под редакцией И. Э. Рабичева _gперевод с французского С. О. Милюткиной _gредакция перевода с французского терминов и аббревиатур Д. И. Голованова |
|
| 203 |
_aТекст _bвизуальный _cнепосредственный |
||
| 210 |
_aМосква _cПрактическая медицина _d2022 |
||
| 215 |
_a226, [5] с. _cил., табл. _d26 |
||
| 225 | 1 | _aДиагностика и лечение косоглазия | |
| 300 | _aЗагл. и авт. ориг.: Manuel de strabologie / Nicole Jeanrot, Valérie Ducret | ||
| 320 | _aБиблиогр. в конце гл. | ||
| 454 | 0 |
_12001#$aManuel de strabologie$fNicole Jeanrot, Valérie Ducret _1700#1$aJeanrot$bN.$gNicole _1701#1$aDucret$bV.$gValérie _tManuel de strabologie _aJeanrot, Nicole |
|
| 606 | 1 |
_aГлазодвигательный аппарат _jРуководства, пособия и т.п _xПатология _9893544 _3RU\NLR\AUTH\66323621 |
|
| 686 | 1 | _aР672я7 | |
| 700 | 1 |
_aЖанро _bН. _gНиколь |
|
| 701 | 1 |
_aДюкре _bВ. _gВалери |
|
| 942 | _cBOOK | ||
| 980 | _aNB | ||